| Tag |
First Indicator |
Second Indicator |
Subfields |
| LEADER |
00000cam a2200000 a 4500 |
| 001 |
in00001415744 |
| 005 |
20151020061524.0 |
| 008 |
961127s1997 maua b 000 0 eng |
| 010 |
|
|
|a 96006595
|
| 020 |
|
|
|a 0792398637 (alk. paper)
|
| 035 |
|
|
|a (OCoLC)36037686
|
| 035 |
|
|
|9 AHN9546AM
|
| 040 |
|
|
|a DLC
|c DLC
|d TXA
|d UtOrBLW
|
| 049 |
|
|
|a TXAM
|
| 050 |
0 |
0 |
|a QA76.575
|b .R47 1997
|
| 082 |
0 |
0 |
|a 025.04
|2 21
|
| 245 |
0 |
0 |
|a Representation and retrieval of video data in multimedia systems /
|c edited by HongJiang Zhang, Philippe Aigrain, Dragutin Petkovic.
|
| 264 |
|
1 |
|a Boston :
|b Kluwer Academic,
|c [1997]
|
| 264 |
|
4 |
|c ©1997
|
| 300 |
|
|
|a 83 pages :
|b illustrations ;
|c 25 cm.
|
| 336 |
|
|
|a text
|b txt
|2 rdacontent
|
| 337 |
|
|
|a unmediated
|b n
|2 rdamedia
|
| 338 |
|
|
|a volume
|b nc
|2 rdacarrier
|
| 500 |
|
|
|a Special issue of Multimedia tools and applications : an international journal, Volume 4, number 1 (1997).
|
| 504 |
|
|
|a Includes bibliographical references.
|
| 650 |
|
0 |
|a Multimedia systems.
|
| 650 |
|
0 |
|a Video.
|
| 650 |
|
0 |
|a Information storage and retrieval systems.
|
| 700 |
1 |
|
|a Zhang, HongJiang,
|d 1960-
|
| 700 |
1 |
|
|a Aigrain, Philippe.
|
| 700 |
1 |
|
|a Petkovic, Dragutin.
|
| 730 |
0 |
|
|a Multimedia tools and applications. Special issue.
|
| 948 |
|
|
|a c:pk
|
| 999 |
|
|
|a MARS
|
| 999 |
f |
f |
|s 7e0649b1-2133-3982-ac32-30247920db9c
|i 77b9f6ad-a249-3c4b-abcf-a23bf30195d2
|t 0
|
| 952 |
f |
f |
|p ric
|a Texas A&M University
|b Rellis Campus
|c Joint Library Facility
|d Remote Storage
|t 0
|e QA76.575 .R47 1997
|h Library of Congress classification
|i unmediated -- volume
|m A14823389747
|
| 998 |
f |
f |
|a QA76.575 .R47 1997
|t 0
|l Remote Storage
|